000 00971nas a2200325 4500
001 BR2011001514
003 BR-BrBNA
005 20231205114507.0
007 ta
008 230509b bl.|||p| |||| 00| 00por d
040 _aBR-BrBNA
_bpor
_cBiblioteca Nacional de Agricultura
041 _a(Pt)
072 _aL02; L53
100 1 _aMartins, T.D.D.
100 1 _aCosta, A.N.
100 1 _aSilva, J.H.V. da
100 1 _aDutra Júnior, W.M.
100 1 _aBrasil, L.H.
245 1 _aEfeito da ordem de parto e do estágio de lactação sobre o desempenho de porcas híbridas mantidas em ambiente quente
650 _aPORCA
650 _aPARTO
650 _aLACTAÇÃO
650 _aTEMPERATURA
650 _aCICLO ESTRAL
650 _aPESO
650 _aPRODUÇÃO LEITEIRA
773 0 _tRevista Caatinga (Brazil)
_xISSN 0100-316X
_g(Jan-Mar 2008), v. 21(1) p. 11-21
_wBR2011001514
909 _a202311
_bLúcia
_c55
_dLúcia Elande
942 _2AGRIS
_n0
_cANA
999 _c209032
_d209032